[Event "Elit(Stockholms SS-Rockaden, Stockholm)"]
[Site "?"]
[Date "2023.03.11"]
[Round "8"]
[White "Hauge, Lars Oskar"]
[Black "Seo, Jung Min"]
[Result "1/2-1/2"]
[WhiteElo "2512"]
[BlackElo "2516"]
[PlyCount "81"]
[SourceVersionDate "2023.03.25"]

1. e4 c5 2. Nf3 d6 3. d4 cxd4 4. Nxd4 Nf6 5. Nc3 a6 6. Bc4 e6 7. Bb3 b5 8. f4
Qc7 9. f5 e5 10. Nde2 Bb7 11. Nd5 Nxd5 12. Bxd5 Nd7 13. Bg5 h6 14. Bh4 Be7 15.
Bxe7 Kxe7 16. Bxb7 Qxb7 17. Nc3 Nf6 18. Qf3 Rhc8 19. O-O-O Rc5 20. Nd5+ Nxd5
21. Rxd5 Rxd5 22. exd5 f6 23. g4 Rc8 24. h4 Qc7 25. Qg2 Qc4 26. Kb1 Qf4 27. Rf1
Qd4 28. g5 Qxh4 29. gxh6 Qxh6 30. Qf2 Rc5 31. b4 Rc4 32. Qa7+ Kf8 33. a3 Qd2
34. Qa8+ Ke7 35. Rc1 Rxb4+ 36. axb4 Qxb4+ 37. Ka2 Qa4+ 38. Kb2 Qb4+ 39. Ka2
Qa4+ 40. Kb2 Qb4+ 41. Ka2 1/2-1/2

[Event "Elit(Kungstornet-Helsingborg)"]
[Site "?"]
[Date "2023.03.11"]
[Round "8"]
[White "Sylvan, Jacob"]
[Black "Lyrberg, Patrik"]
[Result "1/2-1/2"]
[WhiteElo "2314"]
[BlackElo "2447"]
[PlyCount "43"]
[SourceVersionDate "2023.03.22"]

1. d4 Nf6 2. Nf3 e6 3. g3 c5 4. Bg2 Nc6 5. O-O cxd4 6. Nxd4 Bc5 7. Nxc6 bxc6 8.
c4 h5 9. Bg5 Qb6 10. Nc3 Qxb2 11. Na4 Qd4 12. Qc2 Be7 13. Bf4 Ba6 14. Rac1 e5
15. Rfd1 Qxc4 16. Qxc4 Bxc4 17. Rxc4 exf4 18. Rxc6 dxc6 19. Bxc6+ Kf8 20. Bxa8
fxg3 21. hxg3 h4 22. Rc1 1/2-1/2

[Event "Elit(Kungstornet-Helsingborg)"]
[Site "?"]
[Date "2023.03.11"]
[Round "8"]
[White "Andersson, Fredrik"]
[Black "Rosell, Tomas"]
[Result "1-0"]
[WhiteElo "2242"]
[BlackElo "2173"]
[PlyCount "81"]
[SourceVersionDate "2023.03.23"]

1. e4 c5 2. Nf3 d6 3. d4 cxd4 4. Nxd4 Nf6 5. Nc3 g6 6. Be3 Bg7 7. f3 Nc6 8. Qd2
O-O 9. Bc4 Bd7 10. Bb3 Qa5 11. O-O-O Rfc8 12. Kb1 Ne5 13. g4 b5 14. h4 Rab8 15.
h5 Nc4 16. Bxc4 bxc4 17. Ka1 Rb6 18. hxg6 fxg6 19. Nde2 Ra6 20. Bd4 Be6 21. g5
Nh5 22. Bxg7 Kxg7 23. Nf4 Nxf4 24. Qxf4 Rb8 25. Qd2 Qb6 26. Rb1 Qc5 27. f4 Bg8
28. f5 Qe5 29. fxg6 hxg6 30. Qe3 Be6 31. Qf2 Rh8 32. Rxh8 Kxh8 33. Qh4+ Kg8 34.
Rh1 Qg7 35. Ne2 Rb6 36. c3 Rb5 37. Nf4 Bf7 38. Qh3 Rb8 39. Ne6 Bxe6 40. Qxe6+
Kf8 41. Qxc4 1-0

[Event "Elit(Stockholms SS-Rockaden, Stockholm)"]
[Site "?"]
[Date "2023.03.11"]
[Round "8"]
[White "Thorn, Eric"]
[Black "Blomqvist, Erik"]
[Result "0-1"]
[WhiteElo "2402"]
[BlackElo "2538"]
[PlyCount "74"]
[SourceVersionDate "2023.03.25"]

1. d4 Nf6 2. Nf3 d5 3. c4 e6 4. Nc3 Bb4 5. Bg5 h6 6. Bxf6 Qxf6 7. e3 O-O 8. Rc1
Nc6 9. Nd2 Rd8 10. cxd5 exd5 11. a3 Bf8 12. Be2 Ne7 13. b4 Nf5 14. O-O c6 15.
Qb3 a6 16. Nf3 Bd6 17. e4 Nxd4 18. Nxd4 Qxd4 19. Rcd1 Qe5 20. f4 Qe7 21. exd5
cxd5 22. Kh1 Be6 23. Rd4 Rac8 24. Bf3 Qf6 25. Ne2 Rc4 26. Qd3 Bc7 27. Qd2 b5
28. Rd3 Bxf4 29. Qd1 Bc7 30. g3 Bh3 31. Bg2 Bxg2+ 32. Kxg2 Qe5 33. Nf4 Qe4+ 34.
Kh3 Qf5+ 35. g4 Qe4 36. Rxd5 Rc3+ 37. Kh4 Rxd5 0-1

[Event "Elit(Stockholms SS-Helsingborg)"]
[Site "?"]
[Date "2023.03.10"]
[Round "7"]
[White "Olsson, Fredric"]
[Black "Thorn, Eric"]
[Result "0-1"]
[WhiteElo "2050"]
[BlackElo "2402"]
[PlyCount "38"]
[SourceVersionDate "2023.03.16"]

1. e4 e5 2. Nf3 Nc6 3. Bb5 a6 4. Ba4 Nf6 5. O-O Be7 6. Re1 b5 7. Bb3 O-O 8. c3
d6 9. h3 Na5 10. Bc2 c5 11. d4 Qc7 12. Nbd2 cxd4 13. cxd4 Nc6 14. Nf1 exd4 15.
Bb3 Qb6 16. Bd5 Nxd5 17. exd5 Ne5 18. Nxd4 Bf6 19. b3 Qxd4 0-1

[Event "Elit(Vasteras-Wasa)"]
[Site "?"]
[Date "2023.03.10"]
[Round "7"]
[White "Engqvist, Thomas"]
[Black "Janse, Love"]
[Result "1/2-1/2"]
[WhiteElo "2345"]
[BlackElo "2200"]
[PlyCount "74"]
[SourceVersionDate "2023.03.18"]

1. e4 e6 2. d3 d5 3. Nd2 Nf6 4. Ngf3 b6 5. g3 dxe4 6. dxe4 Bb7 7. Qe2 Bc5 8.
Bg2 a5 9. O-O Ba6 10. c4 Nc6 11. e5 Nd7 12. Ne4 Bb7 13. Rd1 Qc8 14. Bf4 Be7 15.
h4 Nc5 16. Nc3 h6 17. Rd2 a4 18. Rb1 Na5 19. Rc1 Bc6 20. h5 Qb7 21. Nb5 Rd8 22.
Nbd4 Be4 23. Rc3 Nc6 24. Nb5 Rxd2 25. Qxd2 Na5 26. Qe3 O-O 27. b4 axb3 28. axb3
Ncxb3 29. Rxb3 Bc5 30. Qc3 Rd8 31. Rb2 Rd3 32. Nd2 Rxc3 33. Nxe4 Rxc4 34. Nf6+
gxf6 35. Bxb7 fxe5 36. Bxe5 Nxb7 37. Nxc7 Bd6 1/2-1/2

[Event "Elit(Rockaden, Stockholm-LASK)"]
[Site "?"]
[Date "2023.03.10"]
[Round "7"]
[White "Storme, Isak"]
[Black "Barkhagen, Jonas"]
[Result "1/2-1/2"]
[WhiteElo "2438"]
[BlackElo "2423"]
[PlyCount "149"]
[SourceVersionDate "2023.03.22"]

1. e4 e6 2. d4 d5 3. Nd2 dxe4 4. Nxe4 Bd7 5. Nf3 Bc6 6. Bd3 Nd7 7. O-O Ngf6 8.
Ng3 Be7 9. c4 Bxf3 10. Qxf3 c6 11. Rd1 O-O 12. b3 Qa5 13. a3 Rfc8 14. Bb2 Nf8
15. Ne4 Nxe4 16. Bxe4 Bf6 17. b4 Qc7 18. Bc1 Rd8 19. Bf4 Qe7 20. Be3 Rd7 21.
Ra2 Rad8 22. Rad2 a6 23. d5 cxd5 24. cxd5 exd5 25. Rxd5 Rxd5 26. Rxd5 Rxd5 27.
Bxd5 Qe5 28. g4 Ne6 29. Kg2 b5 30. Bb3 h6 31. Bc2 g5 32. Qc6 Kg7 33. Be4 Nf4+
34. Kf3 Ng6 35. Bxg6 fxg6 36. Qb7+ Kg8 37. Qc8+ Kh7 38. Qd7+ Bg7 39. h3 Qf6+
40. Kg2 Kg8 41. Bc5 Kh7 42. Qe8 Qf4 43. Qe6 Be5 44. Qd7+ Kh8 45. Qc8+ Kh7 46.
Qb7+ Kh8 47. Qf3 Qxf3+ 48. Kxf3 Bb2 49. Ke4 Bxa3 50. Kd5 Kg7 51. Kc6 Kf6 52.
Kb6 Ke5 53. Kxa6 Ke4 54. Kxb5 Kf3 55. Kc4 Bxb4 56. Kxb4 Kg2 57. Kc4 Kxh3 58.
Kd3 Kxg4 59. Ke2 Kh3 60. Kf1 Kg4 61. Kg2 Kf4 62. Be3+ Kg4 63. Bc5 Kf4 64. Ba3
Kg4 65. Bc1 Kf5 66. Kg3 Kf6 67. Kg4 h5+ 68. Kg3 Kf5 69. Bd2 g4 70. Kh4 Ke4 71.
Ba5 Kf3 72. Bb6 g5+ 73. Kxg5 g3 74. fxg3 Kxg3 75. Kxh5 1/2-1/2

[Event "Elit(Stockholms SS-Helsingborg)"]
[Site "?"]
[Date "2023.03.10"]
[Round "7"]
[White "Tuomainen, Felix"]
[Black "Rothman, Peter"]
[Result "1-0"]
[WhiteElo "2232"]
[BlackElo "2123"]
[PlyCount "67"]
[SourceVersionDate "2023.03.16"]

1. d4 d5 2. c4 c6 3. Nf3 Nf6 4. e3 e6 5. Qc2 b6 6. Bd3 Bb7 7. O-O Be7 8. Nc3
Nbd7 9. Rd1 O-O 10. e4 dxe4 11. Nxe4 Nxe4 12. Bxe4 Nf6 13. Bd3 Qc7 14. c5 h6
15. Bd2 a5 16. Rac1 Ba6 17. a3 Bxd3 18. Qxd3 Rfd8 19. Qc2 bxc5 20. dxc5 a4 21.
Bc3 Rd5 22. Rd4 Qa7 23. Rxd5 Nxd5 24. Be5 Qb7 25. Nd2 Qb5 26. Ne4 Rd8 27. h3 f6
28. Bd6 e5 29. Bxe7 Nxe7 30. Nd6 Qa6 31. Re1 Nd5 32. Re4 Nf4 33. Rxa4 Qd3 34.
Qxd3 1-0

[Event "Elit(Vasteras-Wasa)"]
[Site "?"]
[Date "2023.03.10"]
[Round "7"]
[White "Landgren, Andreas"]
[Black "Wedberg, Tom"]
[Result "1-0"]
[WhiteElo "2236"]
[BlackElo "2390"]
[PlyCount "73"]
[SourceVersionDate "2023.03.18"]

1. d4 Nf6 2. c4 e6 3. Nf3 Bb4+ 4. Nbd2 b6 5. a3 Bxd2+ 6. Bxd2 Bb7 7. g3 O-O 8.
Bg2 d6 9. O-O Nbd7 10. Ne1 Bxg2 11. Nxg2 Qe7 12. Qc2 e5 13. d5 Rac8 14. e4 c6
15. Bc3 Nc5 16. Rae1 b5 17. cxb5 cxd5 18. exd5 Nxd5 19. Ne3 Nxc3 20. bxc3 Qd7
21. Nd5 f5 22. f4 e4 23. c4 Rfe8 24. a4 Qf7 25. Re2 Nd3 26. a5 Rc5 27. Qa2 Rec8
28. Rc2 Qxd5 29. cxd5 Rxc2 30. Qa3 R2c5 31. b6 a6 32. Rb1 h6 33. Qa4 e3 34. b7
Rc1+ 35. Rxc1 Rxc1+ 36. Kg2 e2 37. Qe8+ 1-0

[Event "Elit(Rockaden, Stockholm-LASK)"]
[Site "?"]
[Date "2023.03.10"]
[Round "7"]
[White "Sorensen, Hampus"]
[Black "Pantzar, Milton"]
[Result "1/2-1/2"]
[WhiteElo "2439"]
[BlackElo "2471"]
[PlyCount "123"]
[SourceVersionDate "2023.03.22"]

1. d4 d5 2. c4 e6 3. Nc3 Nf6 4. cxd5 exd5 5. Bg5 c6 6. e3 Bd6 7. Bd3 O-O 8.
Nge2 Re8 9. h3 Nbd7 10. O-O Nf8 11. Qc2 Ng6 12. f4 h6 13. Bxf6 Qxf6 14. f5 Nh4
15. e4 Qg5 16. Rf2 Bxf5 17. exf5 Re3 18. Qd2 Rae8 19. Raf1 Nxg2 20. Rxg2 Qh4
21. Qe1 Qh5 22. Bc2 Rxh3 23. Ng3 Rxe1 24. Nxh5 Rxf1+ 25. Kxf1 Rxh5 26. Kf2 Kf8
27. Ne2 Rh4 28. Ke3 Rh3+ 29. Kf2 Be7 30. Ng1 Rh1 31. Ke2 Bf6 32. Nf3 Ra1 33.
Bb3 Rh1 34. Ke3 Ke7 35. Bc2 Kd6 36. b3 Rh3 37. Kf2 b6 38. Bd1 Rh1 39. Rg1 Rxg1
40. Kxg1 c5 41. dxc5+ Kxc5 42. Ne1 g6 43. fxg6 fxg6 44. Nc2 Kd6 45. Bf3 Ke5 46.
Nb4 d4 47. Nd3+ Kf5 48. Kg2 h5 49. b4 Be7 50. b5 Bd6 51. a4 Kg5 52. Be4 Kh6 53.
Ne1 g5 54. Nf3 Bc5 55. Ne5 g4 56. Nf7+ Kg7 57. Ne5 Bd6 58. Nc6 Kf6 59. Nxd4 Ke5
60. Bg6 Kxd4 61. Bxh5 g3 62. Bd1 1/2-1/2

[Event "Elit(Stockholms SS-Helsingborg)"]
[Site "?"]
[Date "2023.03.10"]
[Round "7"]
[White "Rosell, Tomas"]
[Black "Cederstam, Carl"]
[Result "1-0"]
[WhiteElo "2173"]
[BlackElo "2271"]
[PlyCount "53"]
[SourceVersionDate "2023.03.16"]

1. e4 c5 2. Nf3 Nc6 3. d4 cxd4 4. Nxd4 Nf6 5. Nc3 d6 6. Bg5 e6 7. Qd2 a6 8.
O-O-O Bd7 9. f3 Be7 10. Kb1 Nxd4 11. Qxd4 b5 12. h4 Qc7 13. h5 h6 14. Be3 Rb8
15. g4 b4 16. Ne2 Ba4 17. Qd2 Nd7 18. Nd4 Ne5 19. Rg1 Bd7 20. g5 hxg5 21. Bxg5
Bf8 22. h6 Rh7 23. f4 Nc4 24. Bxc4 Qxc4 25. hxg7 Bxg7 26. Nf5 Qc3 27. Nxg7+ 1-0

[Event "Elit(Vasteras-Wasa)"]
[Site "?"]
[Date "2023.03.10"]
[Round "7"]
[White "Bellon Lopez, Juan"]
[Black "Jonsson, Mikael"]
[Result "0-1"]
[WhiteElo "2314"]
[BlackElo "2198"]
[PlyCount "92"]
[SourceVersionDate "2023.03.18"]

1. d4 d5 2. Bf4 c5 3. e3 Nf6 4. Nf3 e6 5. c3 Nc6 6. Nbd2 Be7 7. h3 O-O 8. Bd3
Qb6 9. Rb1 Rd8 10. O-O Bd7 11. Ne5 Be8 12. Qf3 Nxe5 13. dxe5 Nd7 14. e4 Nf8 15.
exd5 exd5 16. Rfd1 Ng6 17. Bg3 f6 18. exf6 Bxf6 19. Nf1 d4 20. Be4 Bc6 21. Nd2
Rac8 22. Nc4 Qa6 23. b3 Bxe4 24. Qxe4 b5 25. Ne5 Nxe5 26. Bxe5 dxc3 27. Rxd8+
Rxd8 28. Bc7 Rc8 29. Re1 h6 30. Qd5+ Kh8 31. Be5 b4 32. Bxf6 Qxf6 33. Qc4 Qd4
34. Qe2 c4 35. Rd1 Qf4 36. g3 Qf5 37. bxc4 Qxh3 38. Rd4 Qf5 39. Re4 a5 40. g4
Qg6 41. Re6 Qf7 42. Re4 Rd8 43. c5 Qd5 44. Rc4 Qc6 45. f3 Rd2 46. Qe3 Qa4 0-1

[Event "Elit(Rockaden, Stockholm-LASK)"]
[Site "?"]
[Date "2023.03.10"]
[Round "7"]
[White "Jogstad, Martin"]
[Black "Trost, Edvin"]
[Result "0-1"]
[WhiteElo "2399"]
[BlackElo "2369"]
[PlyCount "118"]
[SourceVersionDate "2023.03.22"]

1. d4 Nf6 2. c4 e6 3. Nc3 Bb4 4. a3 Bxc3+ 5. bxc3 c5 6. f3 Nc6 7. e4 d6 8. Ne2
b6 9. Bg5 h6 10. Bh4 e5 11. d5 Ne7 12. Bxf6 gxf6 13. f4 f5 14. fxe5 Ng6 15.
exf5 Nxe5 16. Ng3 Qh4 17. Be2 Bxf5 18. O-O Bg6 19. Qd2 Qg5 20. Rf4 h5 21. Qe3
h4 22. Nh1 O-O-O 23. Nf2 Rde8 24. Nh3 Qe7 25. Qf2 Kc7 26. Rf1 Rh7 27. Kh1 Rg8
28. Re1 Re8 29. Rf1 Rhh8 30. Ra1 Kb8 31. Bf1 Nd7 32. Kg1 Qe5 33. Rc1 Kc7 34.
Rf3 Qe7 35. Nf4 Ne5 36. Re3 Qg5 37. Nh3 Qf5 38. Qxf5 Bxf5 39. Nf2 Re7 40. Be2
Rhe8 41. Kf1 Bc8 42. Re4 Ba6 43. Bh5 Nxc4 44. Rxe7+ Rxe7 45. Kg1 Bb7 46. Nd3
Bxd5 47. Nf4 Bc6 48. Be2 Re4 49. g3 hxg3 50. hxg3 Nxa3 51. Ra1 Ra4 52. Bh5 Nc4
53. Rxa4 Bxa4 54. Bxf7 Ne5 55. Bh5 Bb3 56. Kf2 a5 57. Ke1 a4 58. Bd1 Kc6 59.
Ne2 Nf3+ 0-1

[Event "Elit(Stockholms SS-Helsingborg)"]
[Site "?"]
[Date "2023.03.10"]
[Round "7"]
[White "Darnell, Anton"]
[Black "Derdic, Valentin"]
[Result "1/2-1/2"]
[WhiteElo "2026"]
[BlackElo "1875"]
[PlyCount "49"]
[SourceVersionDate "2023.03.16"]

1. d4 d5 2. c4 dxc4 3. Nf3 Nf6 4. e3 e6 5. Bxc4 c5 6. O-O a6 7. Nc3 b5 8. Bd3
Bb7 9. a3 Qb6 10. Qe2 Nc6 11. Rd1 Be7 12. dxc5 Bxc5 13. b4 Be7 14. Bb2 O-O 15.
e4 Rfd8 16. e5 Nd5 17. Nxd5 Rxd5 18. Be4 Rxd1+ 19. Rxd1 Rd8 20. h4 h6 21. Bb1
h5 22. Rxd8+ Qxd8 23. g3 g6 24. Be4 Qd7 25. Kg2 1/2-1/2

[Event "Elit(Vasteras-Wasa)"]
[Site "?"]
[Date "2023.03.10"]
[Round "7"]
[White "Eriksson, Anders"]
[Black "Cramling, Dan"]
[Result "1/2-1/2"]
[WhiteElo "2166"]
[BlackElo "2293"]
[PlyCount "121"]
[SourceVersionDate "2023.03.18"]

1. Nf3 c5 2. c4 g6 3. d4 Bg7 4. Nc3 cxd4 5. Nxd4 Nc6 6. e3 Nh6 7. Nb3 a5 8. Bd2
O-O 9. Be2 e6 10. Na4 Nf5 11. Bc3 Bxc3+ 12. Nxc3 a4 13. Nd2 a3 14. bxa3 d5 15.
Nb5 d4 16. e4 d3 17. exf5 dxe2 18. Qxe2 exf5 19. O-O Re8 20. Qd1 Nd4 21. a4 f4
22. Nc3 Bf5 23. Rc1 Bd3 24. Re1 Rxe1+ 25. Qxe1 f3 26. Nxf3 Nxf3+ 27. gxf3 Bxc4
28. Qe3 Qf6 29. Rd1 Be6 30. Kg2 Ra5 31. f4 Rh5 32. Qd4 Qxd4 33. Rxd4 Rc5 34.
Ne4 Rc2 35. a3 Ra2 36. Nc5 Bf5 37. Nxb7 Rxa3 38. f3 Kg7 39. Nc5 Kf6 40. Rd6+
Ke7 41. Ra6 Bc2 42. Ra7+ Ke8 43. Ne4 Bxe4 44. fxe4 Re3 45. e5 g5 46. fxg5 Rxe5
47. h4 Kf8 48. Kf3 Kg7 49. Rb7 Re1 50. Rb4 h6 51. Re4 Ra1 52. gxh6+ Kxh6 53.
Ke3 f5 54. Rc4 Kh5 55. Kf4 Rf1+ 56. Ke5 Kg6 57. Rf4 Re1+ 58. Kd5 Kf6 59. Rc4
Rd1+ 60. Rd4 Rc1 61. Rc4 1/2-1/2

[Event "Elit(Rockaden, Stockholm-LASK)"]
[Site "?"]
[Date "2023.03.10"]
[Round "7"]
[White "Wiedenkeller, Michael"]
[Black "Ahlander, Bjorn"]
[Result "1/2-1/2"]
[WhiteElo "2436"]
[BlackElo "2413"]
[PlyCount "121"]
[SourceVersionDate "2023.03.22"]

1. d4 Nf6 2. Bg5 d5 3. Bxf6 exf6 4. e3 Bd6 5. c4 dxc4 6. Bxc4 O-O 7. Nc3 f5 8.
Nf3 Nd7 9. O-O c6 10. Qc2 Nf6 11. Rfd1 Qe7 12. d5 c5 13. a4 Bd7 14. Bb5 g6 15.
g3 Rad8 16. Bxd7 Rxd7 17. a5 Rfd8 18. Qb3 Be5 19. Nxe5 Qxe5 20. Qb5 Nxd5 21.
Qxc5 b6 22. axb6 axb6 23. Qb5 Qe6 24. Nxd5 Rxd5 25. Rxd5 Rxd5 26. Qb4 Kg7 27.
Rc1 Qd6 28. Qc3+ Qe5 29. Qxe5+ Rxe5 30. Rc3 Rb5 31. b3 Ra5 32. Rc4 Rd5 33. Rd4
Rc5 34. Kg2 Rc6 35. Rb4 Kf6 36. Kf3 g5 37. Rb5 Kg6 38. h3 f6 39. Ke2 Rd6 40.
Rb4 h5 41. Rd4 Rc6 42. Kd2 g4 43. h4 Kf7 44. Rd7+ Ke6 45. Rh7 Rd6+ 46. Ke2 Rc6
47. Rxh5 Rc2+ 48. Kf1 Rc1+ 49. Kg2 Rc3 50. Rh7 Rxb3 51. Rb7 Rb5 52. h5 f4 53.
gxf4 Rxh5 54. Rxb6+ Kf7 55. Rb7+ Kg6 56. e4 Rh3 57. Rb2 Rf3 58. Re2 Rxf4 59.
Kg3 Kg5 60. Re3 f5 61. exf5 1/2-1/2

[Event "Elit(Limhamn-Kungstornet)"]
[Site "?"]
[Date "2023.03.10"]
[Round "7"]
[White "Cicak, Slavko"]
[Black "Hector, Jonny"]
[Result "1-0"]
[WhiteElo "2485"]
[BlackElo "2446"]
[PlyCount "97"]
[SourceVersionDate "2023.03.17"]

1. c4 e5 2. d3 Nf6 3. Nf3 Nc6 4. a3 g6 5. Nc3 Bg7 6. Bg5 h6 7. Bh4 d6 8. e3 O-O
9. Nd2 Ne7 10. Nde4 Nh7 11. g4 g5 12. Bg3 f5 13. gxf5 Nxf5 14. Qh5 Be6 15. h4
Nxg3 16. fxg3 g4 17. Be2 Qd7 18. O-O-O a6 19. Rhf1 b5 20. Nd5 Kh8 21. Qg6 Rxf1
22. Rxf1 Nf8 23. Qh5 bxc4 24. dxc4 Rb8 25. Ng5 e4 26. Nf7+ Bxf7 27. Rxf7 Qe6
28. Nf4 Qe8 29. b3 Kg8 30. Rxc7 Qxh5 31. Nxh5 Be5 32. b4 a5 33. b5 Ne6 34. Re7
Nc5 35. Bxg4 Kf8 36. Rc7 Nd3+ 37. Kc2 d5 38. Rc6 dxc4 39. b6 c3 40. Nf4 Ke8 41.
Bc8 Ne1+ 42. Kd1 Bxf4 43. gxf4 Ng2 44. Ke2 Nxh4 45. b7 h5 46. Rc5 Ng6 47. Rxh5
Kd8 48. Rxa5 Ne7 49. Rc5 1-0

[Event "Elit(Eksjo-Farsta)"]
[Site "?"]
[Date "2023.03.10"]
[Round "7"]
[White "Sammalvuo, Tapani"]
[Black "Gdanski, Jacek"]
[Result "1-0"]
[WhiteElo "2409"]
[BlackElo "2490"]
[PlyCount "91"]
[SourceVersionDate "2023.03.18"]

1. d4 e6 2. c4 d5 3. Nf3 c6 4. e3 f5 5. Bd3 Nf6 6. O-O Bd6 7. b3 Qe7 8. Bb2 b6
9. Nc3 O-O 10. Ne2 Nbd7 11. Nf4 Ne4 12. Be2 Bb7 13. Ne5 Nxe5 14. dxe5 Bc7 15.
Qc2 c5 16. Rad1 Rad8 17. cxd5 exd5 18. f3 Ng5 19. Nxd5 Bxd5 20. Rxd5 Rxd5 21.
Bc4 Bxe5 22. Bxd5+ Kh8 23. Re1 Bxb2 24. Qxb2 h6 25. Bc4 Nf7 26. Qc3 Ne5 27. Bb5
Rd8 28. Qc2 Qg5 29. Kf1 Qh5 30. h3 Nxf3 31. gxf3 Qxf3+ 32. Qf2 Qxh3+ 33. Qg2
Qh4 34. Bc6 c4 35. Bd5 c3 36. Qf3 Qf6 37. e4 Qe5 38. Rc1 fxe4 39. Bxe4 Re8 40.
Bb1 Qb5+ 41. Bd3 Qc5 42. Qg3 Rf8+ 43. Ke1 Qd4 44. Rc2 Rd8 45. Be2 Rc8 46. Qg4
1-0

[Event "Elit(Limhamn-Kungstornet)"]
[Site "?"]
[Date "2023.03.10"]
[Round "7"]
[White "Johansson, Linus"]
[Black "Eriksson, Johan"]
[Result "1/2-1/2"]
[WhiteElo "2455"]
[BlackElo "2397"]
[PlyCount "77"]
[SourceVersionDate "2023.03.17"]

1. d4 f5 2. Nf3 Nf6 3. c4 g6 4. g3 Bg7 5. Bg2 O-O 6. O-O d6 7. Nc3 Qe8 8. b3
Na6 9. Ba3 c6 10. Rc1 Rb8 11. d5 Bd7 12. b4 Nc7 13. Qb3 Kh8 14. Rfd1 Ne4 15.
Bb2 Qf7 16. Qc2 Nxc3 17. Bxc3 cxd5 18. c5 Rbc8 19. cxd6 exd6 20. Nd4 f4 21.
gxf4 Qxf4 22. e3 Qf7 23. Qb2 Ne8 24. Rd2 Nf6 25. Qb3 Rc4 26. Bb2 Rfc8 27. Ne2
Rxc1+ 28. Nxc1 Bb5 29. Ne2 Bc4 30. Qd1 Ne4 31. Bxe4 dxe4 32. Bxg7+ Qxg7 33.
Rxd6 Bxe2 34. Rd8+ Rxd8 35. Qxd8+ Qg8 36. Qd4+ Qg7 37. Qd8+ Qg8 38. Qd4+ Qg7
39. Qd8+ 1/2-1/2

[Event "Elit(Eksjo-Farsta)"]
[Site "?"]
[Date "2023.03.10"]
[Round "7"]
[White "Danchevski, Orce"]
[Black "Livner, Anders"]
[Result "1-0"]
[WhiteElo "2336"]
[BlackElo "2356"]
[PlyCount "81"]
[SourceVersionDate "2023.03.18"]

1. d4 d5 2. c4 e6 3. Nf3 Nf6 4. g3 Bb4+ 5. Bd2 Be7 6. Bg2 O-O 7. Qc2 c6 8. O-O
Nbd7 9. b3 b6 10. Rd1 a5 11. Be1 Bb7 12. Nc3 Qc7 13. cxd5 exd5 14. a4 Rfe8 15.
Rdc1 Rad8 16. Bd2 Qb8 17. Bf4 Bd6 18. Bxd6 Qxd6 19. e3 g6 20. Ne1 h5 21. Nf3
Qe7 22. h4 Ng4 23. Re1 Ndf6 24. Ng5 Qc7 25. Rad1 Re7 26. Rc1 Nh6 27. Bh3 Nfg4
28. Ne2 Qd6 29. Nf4 Rde8 30. Nxh5 c5 31. dxc5 bxc5 32. Nf4 Rc7 33. Bg2 Nf6 34.
Nxg6 d4 35. Bxb7 dxe3 36. Bf3 Nhg4 37. Bxg4 exf2+ 38. Qxf2 Rxe1+ 39. Rxe1 Nxg4
40. Qf3 Qd4+ 41. Kg2 1-0

[Event "Elit(Limhamn-Kungstornet)"]
[Site "?"]
[Date "2023.03.10"]
[Round "7"]
[White "Henriksson, Johan"]
[Black "Haubro, Martin"]
[Result "0-1"]
[WhiteElo "2267"]
[BlackElo "2395"]
[PlyCount "82"]
[SourceVersionDate "2023.03.17"]

1. d4 Nf6 2. c4 e6 3. Nf3 d5 4. g3 Bb4+ 5. Bd2 Be7 6. Bg2 O-O 7. O-O Nbd7 8.
Qc2 c6 9. Bf4 a5 10. cxd5 exd5 11. Nc3 Re8 12. Rfd1 Nf8 13. Rac1 Ng6 14. Be5
Ng4 15. h3 N4xe5 16. dxe5 Qb6 17. Na4 Qa7 18. e4 dxe4 19. Qxe4 Be6 20. Nc3 Rad8
21. h4 Bc5 22. Rf1 h6 23. h5 Ne7 24. g4 b5 25. g5 Bf5 26. Qf4 hxg5 27. Qxg5 Bd3
28. Nh4 Bxf1 29. Rxf1 Nd5 30. h6 g6 31. Nxd5 cxd5 32. Nf5 Bf8 33. Nd6 Bxd6 34.
exd6 Rxd6 35. Bxd5 Qe7 36. Qg2 Qe5 37. Bb3 a4 38. Bc2 Kh7 39. b3 a3 40. b4 Kxh6
41. f4 Qe3+ 0-1

[Event "Elit(Eksjo-Farsta)"]
[Site "?"]
[Date "2023.03.10"]
[Round "7"]
[White "Degerman, Lars"]
[Black "Lukez, Franko"]
[Result "1/2-1/2"]
[WhiteElo "2432"]
[BlackElo "2264"]
[PlyCount "78"]
[SourceVersionDate "2023.03.18"]

1. c4 Nf6 2. g3 g6 3. Bg2 Bg7 4. Nc3 O-O 5. d4 c5 6. Nf3 d6 7. dxc5 dxc5 8. O-O
Nc6 9. Bf4 Nh5 10. Be3 Nd4 11. Qd2 Bg4 12. Rfd1 e5 13. Bh6 Bxf3 14. Bxf3 Nxf3+
15. exf3 Qxd2 16. Bxd2 f5 17. Nd5 Rf7 18. Bc3 Re8 19. Re1 Nf6 20. Bxe5 Nxd5 21.
Bxg7 Rxe1+ 22. Rxe1 Kxg7 23. cxd5 Rd7 24. Re5 Kf6 25. f4 Rd6 26. h4 c4 27. Kf1
Rb6 28. Ke1 Rxb2 29. d6 c3 30. Rd5 Rd2 31. Rc5 Rxa2 32. Rxc3 Ke6 33. Rc7 b5 34.
Rb7 a6 35. d7 Ke7 36. Kf1 Rd2 37. Rb6 Ra2 38. Rb7 Rd2 39. Rb6 Ra2 1/2-1/2

[Event "Elit(Limhamn-Kungstornet)"]
[Site "?"]
[Date "2023.03.10"]
[Round "7"]
[White "Lindgren, Philip"]
[Black "Lyrberg, Patrik"]
[Result "0-1"]
[WhiteElo "2382"]
[BlackElo "2447"]
[PlyCount "80"]
[SourceVersionDate "2023.03.18"]

1. d4 Nf6 2. c4 e6 3. Nf3 Bb4+ 4. Nbd2 O-O 5. a3 Be7 6. e3 b6 7. Bd3 c5 8. dxc5
bxc5 9. b3 Nc6 10. Bb2 d6 11. Qc2 e5 12. Ng5 g6 13. h4 Ng4 14. Be4 Bd7 15. Ngf3
f5 16. Bd5+ Kg7 17. h5 Rb8 18. Nh2 Nf6 19. h6+ Kxh6 20. f4 Kg7 21. Nhf3 Ng4 22.
Bxc6 Bxc6 23. fxe5 Kg8 24. Qc3 dxe5 25. Nh2 Bf6 26. Nxg4 fxg4 27. e4 Bh4+ 28.
g3 Bg5 29. O-O-O Qd4 30. Qa5 Qd6 31. Kb1 Qe7 32. Ka2 Be3 33. Nb1 Bd4 34. Nc3
Qb7 35. Nb5 Bxb5 36. cxb5 Rf2 37. Rxd4 cxd4 38. Qe1 Rbf8 39. a4 R8f3 40. Qc1
Qf7 0-1

[Event "Elit(Eksjo-Farsta)"]
[Site "?"]
[Date "2023.03.10"]
[Round "7"]
[White "Vernersson, Per"]
[Black "Hjelm, Niclas"]
[Result "1/2-1/2"]
[WhiteElo "2262"]
[BlackElo "2298"]
[PlyCount "134"]
[SourceVersionDate "2023.03.18"]

1. Nf3 d5 2. c4 c6 3. b3 dxc4 4. bxc4 e5 5. Nc3 Nd7 6. g3 Ngf6 7. Bg2 Bd6 8.
O-O O-O 9. d3 Qe7 10. Bb2 Nc5 11. Nd2 Bg4 12. Qc2 Rad8 13. Nb3 Rfe8 14. Rad1
Qe6 15. Nxc5 Bxc5 16. Ne4 Nxe4 17. Bxe4 f5 18. Bg2 f4 19. Kh1 Rf8 20. gxf4 Rxf4
21. f3 Bh5 22. Bc1 Rf7 23. Bg5 Rdf8 24. Qd2 h6 25. Be3 Bd4 26. Rf2 Kh8 27. Rg1
Rf4 28. Bf1 R4f7 29. Rg3 b5 30. Bh3 Qd6 31. cxb5 cxb5 32. Rfg2 Rc7 33. Rg1 b4
34. Bg4 Be8 35. Rh3 Kh7 36. Bh5 Bxh5 37. Rxh5 Rff7 38. Rh4 Qc5 39. Bxh6 Kg8 40.
e3 Bc3 41. Qe2 Qc6 42. Rh3 a5 43. Bg5 Qd7 44. Rg4 Rf5 45. Bh6 Qe6 46. e4 Rf6
47. Be3 a4 48. Rhg3 b3 49. axb3 axb3 50. Rg1 b2 51. Qg2 Rff7 52. Rg6 Qa2 53.
Qg5 Rce7 54. Rb6 Re8 55. Rg6 Ree7 56. Rb6 Re8 57. Bc5 Qa5 58. Rg6 Qc7 59. Ba3
Ra8 60. Bd6 Qb7 61. Rb1 Ra1 62. Qd8+ Kh7 63. Rgg1 Rxb1 64. Qh4+ Kg8 65. Qd8+
Kh7 66. Qh4+ Kg8 67. Qd8+ Kh7 1/2-1/2

[Event "Elit(Limhamn-Kungstornet)"]
[Site "?"]
[Date "2023.03.10"]
[Round "7"]
[White "von Bahr, Oskar"]
[Black "Domingo Nunez, Ruben"]
[Result "0-1"]
[WhiteElo "2384"]
[BlackElo "2380"]
[PlyCount "94"]
[EventDate "2023.??.??"]
[SourceVersionDate "2023.03.18"]

1. e4 c5 2. Nf3 e6 3. d4 cxd4 4. Nxd4 Nc6 5. Nc3 Qc7 6. Be2 Nf6 7. O-O a6 8.
Be3 Be7 9. f4 d6 10. Kh1 O-O 11. Qe1 Nxd4 12. Bxd4 b5 13. a3 Bb7 14. Qg3 Rac8
15. Bd3 e5 16. fxe5 Nh5 17. Qf3 dxe5 18. Qxh5 exd4 19. Nd5 Bxd5 20. exd5 g6 21.
Qf3 Qd6 22. a4 b4 23. Qe2 Rc5 24. Bxa6 Rxd5 25. Bd3 Rh5 26. g3 Re5 27. Qg2 Bd8
28. Rae1 Re3 29. Bc4 Kh8 30. Qd5 Qxd5+ 31. Bxd5 f5 32. Bc4 Rfe8 33. Rxe3 dxe3
34. Rd1 Bf6 35. b3 Rd8 36. Rxd8+ Bxd8 37. Kg2 Kg7 38. Kf3 Bb6 39. Bf1 Kf6 40.
Ke2 Kg5 41. Kd3 Kg4 42. Kc4 Kf3 43. Kxb4 Kf2 44. Bd3 g5 45. a5 Ba7 46. c4 f4
47. c5 f3 0-1